000 00748cam a22002537a 4500
003 CHAP
005 20220329134926.0
008 971013s r 00010 d
010 _a28160
011 _a29132
035 _a33243
040 _cCHAP
090 _aR-463
100 0 0 _aMcGillivray, W. A.
_973529
245 1 4 _aThe estimation of carotene in plant material and faeces
500 _aSobretiro de: New Zealand Journal of Science and Technology A 33(6): 31-39, 1952
590 _aBATCH-UPD
_b10
_c20130110
_lUCH01
_h1831
590 _aCONVERSION
_b10
_c20130109
_lUCH01
_h1316
650 1 4 _aCaroteno.
_919266
650 1 4 _aMaterias fecales.
_972960
901 _aBK
942 _cREIMP
949 _aR-463
_bBC
_cR
_d-77329
_eTS1
_i33243
_si
999 _c28160
_d28160